| 000 | 01343nam2a22002771 4500 | ||
|---|---|---|---|
| 001 | rc\3450924 | ||
| 005 | 20260406084309.0 | ||
| 021 |
_aRU _b[72-90316] |
||
| 035 | _a(NLR Aleph) 007891518 | ||
| 090 |
_a7980978 _c7980978 |
||
| 100 | _a20130115d1972 |||y0rusy50 ca | ||
| 101 | 0 | _arus | |
| 102 | _aRU | ||
| 105 | _ay z ||||| | ||
| 200 | 0 |
_a... за 1970 (2-е полугодие) - 1972 гг. (1-е полугодие) _f[Сост. Дробикова А.А.] |
|
| 210 |
_d1972 _aБ. м. |
||
| 215 | _a95 с. | ||
| 225 | 1 |
_a... _v№ 1722/72] |
|
| 461 | 0 |
_1001rc\3450923 _12001#$aОчистка сточных вод$eКнижная, журн. и пат. литература на рус. и иностр. языке ...$v... за 1970 (2-е полугодие) - 1972 гг. (1-е полугодие) _97980972 _cМосква _d1972 _nБ. и. _oКнижная, журн. и пат. литература на рус. и иностр. языке ... _tОчистка сточных вод _v... за 1970 (2-е полугодие) - 1972 гг. (1-е полугодие) |
|
| 702 | 1 |
_4220 _7ca _8rus _aДробикова _bА. А. _f1926- _gАнтонина Андреевна _92650909 _3RU\NLR\AUTH\770278942 |
|
| 801 | 0 |
_aRU _bNLR _gpsbo |
|
| 801 | 1 |
_aRU _bELAR _2rusmarc |
|
| 852 |
_aNLR _jС337-410/О-95 |
||
| 942 | _cBOOK | ||
| 980 | _aNB | ||